Informácie o ústrednom vládnom sektore v kontexte Medzinárodných účtovných štandardov pre verejný sektor

Základná charakteristika riešenia špecifických problémov účtovníctva subjektov verejného sektora, konkrétne požiadaviek na prezentovanie a zverejnenie informácií o ústrednom vládnom sektore v konsolidovanej účtovnej závierke vlády v kontexte medzinárodných účtovných štandardov pre verejný sektor a m...

ver descrição completa

Na minha lista:
Detalhes bibliográficos
Autor principal: Kicová, Marianna
Formato: Capítulo de Livro
Idioma:eslovaco
Assuntos:
Tags: Adicionar Tag
Sem tags, seja o primeiro a adicionar uma tag!

MARC

LEADER 00000nla$a2200000$$$4500
001 0088306
005 20240613071027.1
041 0 |a slo 
044 |a SK 
245 1 0 |a Informácie o ústrednom vládnom sektore v kontexte Medzinárodných účtovných štandardov pre verejný sektor  |c Marianna Kicová 
520 |a Základná charakteristika riešenia špecifických problémov účtovníctva subjektov verejného sektora, konkrétne požiadaviek na prezentovanie a zverejnenie informácií o ústrednom vládnom sektore v konsolidovanej účtovnej závierke vlády v kontexte medzinárodných účtovných štandardov pre verejný sektor a metodiky vykazovania pre štatistické účely. Uplatnenie požiadaviek na prezentovanie a zverejnenie týchto informácií v súlade s medzinárodným účtovným štandardom pre verejný sektor IPSAS 22 - Zverejnenie informácií o ústrednom vládnom sektore zvyšuje transparentnosť účtovnej závierky zostavenej v súlade s medzinárodnými účtovnými štandardmi pre verejný sektor a umožňuje lepšie pochopiť jej vzťah k výkazom zostaveným pre štatistické účely. 
610 2 0 |a sektor verejný 
610 2 0 |a vláda 
610 2 0 |a informácie 
610 2 0 |a závierka účtovná konsolidovaná 
610 2 0 |a štandardy účtovné medzinárodné 
100 1 |a Kicová, Marianna